|
|
|
|
| LEADER |
01671nam a2200421 a 4500 |
| 001 |
000188698 |
| 003 |
CZ BrMZK |
| 005 |
20220119132439.0 |
| 007 |
ta |
| 008 |
010907s1997 xr f cze d |
| 015 |
|
|
|a cnb000212006
|
| 020 |
|
|
|a 80-902083-1-2
|
| 035 |
|
|
|a (OCoLC)40674780
|
| 040 |
|
|
|a BOA001
|b cze
|
| 043 |
|
|
|a e-xr---
|b e-xr-pg
|2 czenas
|
| 080 |
|
|
|a 72/76:904
|2 MRF
|
| 080 |
|
|
|a 94(437.311)
|2 MRF
|
| 080 |
|
|
|a (437.311)
|2 MRF
|
| 080 |
|
|
|a (036)
|2 MRF
|
| 080 |
|
|
|a (082)
|2 MRF
|
| 100 |
1 |
|
|a Vurm, Bohumil,
|d 1952-
|7 jn99240001391
|4 aut
|
| 245 |
1 |
0 |
|a Rudolf II. a jeho Praha :
|b záhady a zajímavosti rudolfínské Prahy : Praha v letech 1550-1650 /
|c Bohumil Vurm
|
| 246 |
3 |
3 |
|a Záhady a zajímavosti rudolfínské Prahy 1550-1650
|
| 250 |
|
|
|a Vyd. 1.
|
| 260 |
|
|
|a Ostrava :
|b Anagram,
|c 1997
|
| 300 |
|
|
|a 136 s., [14] s. obrazových příloh :
|b il. ;
|c 22 cm
|
| 500 |
|
|
|a Bibliogr.
|
| 650 |
0 |
7 |
|a umělecké památky
|7 ph126896
|z Česko
|2 czenas
|
| 651 |
|
7 |
|a Praha (Česko)
|7 ge118011
|x dějiny
|y 1550-1650
|2 czenas
|
| 655 |
|
7 |
|a sborníky
|7 fd163935
|2 czenas
|
| 655 |
|
7 |
|a průvodce
|7 fd133154
|2 czenas
|
| 856 |
4 |
1 |
|u http://www.digitalniknihovna.cz/mzk/uuid/uuid:7ad55f50-3488-11e7-8e0f-005056827e52
|y Digitalizovan dokument
|
| 910 |
|
|
|a BOA001
|b 2-1033.882
|b PK-0127.674
|
| 920 |
|
|
|a 000183704
|
| 990 |
|
|
|a BK
|
| 996 |
7 |
|
|b 2610053673
|c 2-1033.882
|l MZK
|r Sklad / do 1 hodiny
|n 33
|p kup
|w 000188698
|u 000010
|a 1
|e BOA001
|j MZK50
|s A
|
| 996 |
6 |
|
|b 2610069744
|c 2-1033.882
|l MZK
|r Sklad / do 1 hodiny
|n 20
|p p.v.
|w 000188698
|u 000020
|a 1
|e BOA001
|j MZK50
|s P
|
| 996 |
7 |
|
|b 3119008081
|c PK-0127.674
|l MZK
|r Sklad / do 1 hodiny
|n 38
|p kup
|w 000188698
|u 000030
|a 1
|e BOA001
|j MZK50
|s A
|